000 00616nam a22002057a 4500
003 OSt
005 20250827021429.0
008 250827b |||||||| |||| 00| 0 eng d
020 _a971-23-3890-8
040 _cOC
082 _28th ed.
_aFil. 343.59904 D278 2003
100 _aDE LEON , HECTOR S.
245 _aThe national internal revenue code :
_bannotated /
250 _a8th ed.
260 _aManila, Phil. :
_b Rex Book Store,
_cc2003
300 _axvi, 794 p. :
_c23 cm.
650 _2Internal revenue law-Phil.
700 _aDE LEON , HECTOR M. JR.
942 _2ddc
_cBK - FIL
_e8th edition
_kFil.
_n0
999 _c4299
_d4299